CHEMISTRY (Record no. 216584)

MARC details
000 -LEADER
fixed length control field 00534nam a22001937a 4500
008 - FIXED-LENGTH DATA ELEMENTS--GENERAL INFORMATION
fixed length control field 260217b |||||||| |||| 00| 0 eng d
020 ## - INTERNATIONAL STANDARD BOOK NUMBER
International Standard Book Number 0-13-140208-0
050 ## - LIBRARY OF CONGRESS CALL NUMBER
Classification number QD 33 .M 36 2004
100 ## - MAIN ENTRY--PERSONAL NAME
Personal name McMURRY, JOHN
245 ## - TITLE STATEMENT
Title CHEMISTRY
250 ## - EDITION STATEMENT
Edition statement 4TH
260 ## - PUBLICATION, DISTRIBUTION, ETC.
Place of publication, distribution, etc. UPPER SADDLE RIVER, NEW JERSEY,
Name of publisher, distributor, etc. PEARSON PRENTICE HALL,
Date of publication, distribution, etc. 2004,
300 ## - PHYSICAL DESCRIPTION
Extent XXVii, 1070 P, ILL
500 ## - GENERAL NOTE
General note INCLUDES BIBLIOGRAPHICAL REFERENCES AND INDEX
650 ## - SUBJECT ADDED ENTRY
Topical term or geographic name entry element Chemistry
700 ## - ADDED ENTRY--PERSONAL NAME
Personal name FAY ROBERT C
942 ## - ADDED ENTRY ELEMENTS (KOHA)
Source of classification or shelving scheme Library of Congress Classification
Koha item type Long Loan Book
Holdings
Withdrawn status Lost status Source of classification or shelving scheme Damaged status Not for loan Collection Home library Current library Shelving location Date acquired Inventory number Total checkouts Full call number Barcode Date last seen Copy number Price effective from Koha item type
    Library of Congress Classification     Science & Technology Kisii University Library Kisii University Library On Display 02/17/2026 66574   QD 33 .M 36 2004 000000013978 02/17/2026 1 02/17/2026 Long Loan Book